LEADER 01014nam a2200229 i 4500 001 000000166687 003 CaOOAMICUS 005 20071115000000.0 008 071115s1967 it u000 u ita u 013 $a144056 040 $aSeMil$bita 245 10$aS. e. mons. Cesare Orsenigo :$ba 40 anni dalla morte. 260 $a[S.l. :$bs.n.],$c[1967]$e(Olginate :$fTipografia L. Passoni,$g[1967]) 300 $a108 p. ;$c24 cm. 500 $aContiene : Note. - Pubblicazione non commerciabile. - A pič del front. : Supplemento al N. 21 di "Vita Nostra". - Fondo Card. Giovanni Colombo. 600 14$aOrsenigo, Cesare .$0(OLS)http://semarc/subject/11862 850 $aSeMil 852 $aSeMil$W1$xVenegono$y1$m3V IV 13$j117850$B117850$CSeMilBibl$Z2$F129166 $81 941 1 $a3 961 $aLascito: Colombo Card. Giovanni 996 $6245$aS. e. mons. Cesare Orsenigo :$ba 40 anni dalla morte$9(OLS)http://semarc/title/238253 996 $6260$a[S.l. :$bs.n.]$9(OLS)http://semarc/publisher/29751 LEADER 00915nas a2200241 i 4500 001 000000191502 003 CaOOAMICUS 005 20110405000000.0 008 100805b2010 it uu u0 0ita r 013 $a170058 040 $aSeMil$bita 245 10$a[2010 :$bn. 145-147]. 260 $aBologna :$bEDB,$c2010. 300 $a32, 32, 32 p. :$bnotazione musicale ;$c30 cm + [1] CD. 773 0 $tMusica e Assemblea.$dBrescia : Queriniana, 1975-2015.$w()2501 774 0 $t[SENZA TITOLO]. - 32 p. + [1] CD.$w()273566 774 0 $t[SENZA TITOLO]. - 32 p.$w()274490 774 0 $t[SENZA TITOLO]. - 32 p.$w()274990 850 $aSeMil 852 $aSeMil$W1$xVenegono$y1$m164 6 27$j142116$B142116$CSeMilBibl$Z2$F162053 $85 961 $aAbbonamento: Centro Editoriale Dehoniano 996 $6245$a[2010 :$bn. 145-147]$9(OLS)http://semarc/title/275945 996 $6260$aBologna :$bEDB$9(OLS)http://semarc/publisher/29669